El caballero Geremy / (Registro nro. 7266)

Detalles MARC
000 -LIDER
fixed length control field 00875nam a2200277 a 4500
001 - NÚMERO DE CONTROL
Identificador de número de control 000023937
003 - IDENTIFICACDOR DE NÚMERO DE CONTROL
control field DO-SdBNP
005 - DATE AND TIME OF LATEST TRANSACTION
control field 20230814123000.0
007 - CAMPOS FIJOS DE DESCRIPCIÓN FÍSICA
fixed length control field 000023937
008 - ELEMENTOS DE LONGITUD FIJA
fixed length control field 110117s2010 dr a 000 0 spa d
020 ## - ISBN
International Standard Book Number 9789945068306
040 ## - FUENTE DE CATALOGACIÓN
Agencia que crea de manera original el registro BPMSU
Idioma de catalogación spa
Agencia que realiza la transcripción BPMSU
082 #4 - NÚMERO DE CLASIFICACIÓN DECIMAL DE DEWEY
Classification number RD863.44
Item number C216c 2010
Edition number 22
100 1# - ASIENTO PRINCIPAL -- NOMBRE PERSONAL
Nombre personal Candelaria González, Sélvido
245 13 - MENCIÓN DE TITULO
Título El caballero Geremy /
Mención de responsabilidad Sélvido Candelaria González; ilustraciones Carlos Grant
250 ## - MENCIÓN DE EDICION
Mención de edición 2a. ed.
260 ## - PUBLICACIÓN, DISTRIBUCIÓN, ETC. (PIE DE IMPRENTA)
Lugar de publicación, distribución, etc Santo Domingo :
Nombre del editor, distribuidor, etc. Santuario,
Fecha de publicación, distribución, etc 2010
300 ## - DESCRIPCIÓN FÍSICA
Extensión 48 p. :
Otros detalles físicos il. ;
Dimensiones 22 cm.
500 ## - NOTA GENERAL
Materiales especificados Incluye datos biográficos del autor en la contracubierta
590 ## - NOTA LOCAL
Enlace Inventariado, 2023/VM
650 #4 - ENCABEZAMIENTO DE MATERIA--TEMÁTICO
Término temático o nombre geográfico como elemento de entrada Cuentos infantiles dominicanos
650 #4 - ENCABEZAMIENTO DE MATERIA--TEMÁTICO
Término temático o nombre geográfico como elemento de entrada Literatura infantil dominicana
700 1# - ASIENTO SECUNDARIO -- NOMBRE PERSONAL
Nombre personal Grant, Carlos
Mención de responsabilidad ils.
910 ## - VALIDACIÓN
Validación VMateo V. Control de calidad (BPMSU)
942 ## - ADDED ENTRY ELEMENTS (KOHA)
Source of classification or shelving scheme Dewey Decimal Classification
Koha item type Libros
Existencias
Withdrawn status Lost status Source of classification or shelving scheme Damaged status Not for loan Collection code Home library Current library Date acquired Source of acquisition Full call number Barcode Date last seen Copy number Price effective from Koha item type
    Dewey Decimal Classification     Colección Infantil Dominicana Biblioteca Pública Metropolitana Salomé Ureña Biblioteca Pública Metropolitana Salomé Ureña 01/28/2015 Donación BPMSU CDI RD863.44 C216c 2010 BPMSU5040865 01/28/2015 01/28/2015 Libros
    Dewey Decimal Classification     Colección Infantil Dominicana Biblioteca Pública Metropolitana Salomé Ureña Biblioteca Pública Metropolitana Salomé Ureña 01/28/2015 Donación BPMSU CDI RD863.44 C216c 2010 BPMSU15040866 01/28/2015 e. 2 01/28/2015 Libros
    Dewey Decimal Classification     Colección Infantil Dominicana Biblioteca Pública Metropolitana Salomé Ureña Biblioteca Pública Metropolitana Salomé Ureña 01/28/2015 Donación BPMSU CDI RD863.44 C216c 2010 BPMSU15040867 01/28/2015 e.3 01/28/2015 Libros